000 00885 a2200277 4500
003 CBULib
005 20241211142625.0
008 241211b |||||||| |||| 00| 0 eng d
020 _a9780323485272
040 _bEnglish
_cCBULib
_erda
050 _aSF 867 Hol
100 _aHolmstrom, Steven E.
245 _aVeterinary dentistry : a team approach
_c/ by Steven E. Holmstrom
250 _aThird edition.
260 _bElsevier,
_c2019
_aSt. Louis :
300 _axiii, 428 pages : illustrations (chiefly color)
336 _2rdacontent
_aText |
_btxt
337 _2rdamedia
_aUnmediated |
_bn
338 _2rdacarrier
_aVolume
_bnc
500 _aIncludes a glossary, an index and an appendix
650 0 _94168
_aDENTAL CARE VETERINARY
650 0 _94169
_aDENTISTRY VETERINARY
650 0 _94170
_aHEALTH CARE TEAMS
650 0 _94171
_aPATIENT CARE TEAM
942 _2lcc
_c002
999 _c85852
_d85852